000 00598cab a2200205 4500
001 WB2616-58
008 090401t1990 xxu||||| |||| 00| 0 eng d
035 _a(Sirsi) u41321
041 _aeng
245 _aSurveyors team head for another company
260 _c1990
350 _a0
490 _aEstates Gazette
_vno 9015, 14/4/90 p2
520 _aA team of surveyors from Lambert Smith Hampton `s City office are to move to Lane Fox .
650 _aHEADHUNTING
650 _aLONDON
690 _aMANAGEMENT-BUSINESS MANAGEMENT-PROFESSIONAL PRACTICE
942 _n0
948 _c04/03/1997
999 _c26555
_d26555